00810nam a22002177a 450000500170000001000150001702000220003203500130005403700130006708200110008010000260009124500820011726000310019927000940023030000220032450000400034665000300038694200250041699900170044195201340045820100820153442.0 aENG-101096 a8187300213c90.00 aEN-84629 bDBAD/PUB a954.31 aVelayutham, R.923492 aPolitical and cultural history of Ramanathapuram district /cby R. Velayutham aChennaibVersa Booksc2008 a3, III Aweniew, a- Sector Sivasakhti Nagar, annanur, Railway Carshed CampusbChennaie109 a136p.c20cm (pbk) aincludes bibliographical references aHistoryzTamilnadu923493 2ddccBNh954.31mVEL c42759d42759 001040718NFICaDBADbDBADd2010-08-20eDBAD/PUBg90.00l0o954.31 VELpEN-84629r2010-08-20 00:00:00t1v90.00w2010-08-20yBN